=LDR 00000nam 2200000 4500 =001 INLIS000000000029130 =005 20200527103828 =035 ##$$a 0010-061300000029130 =008 200527################g##########0#ind## =041 ##$$a Ind =082 ##$$a 2x4.12 =090 ##$$a 2x4.12, Has p =100 ##$$a Hassan, A =245 1#$$a Pengajaran shalat : $b Teori bagi shalat dan dalielnya /$c A. Hassan =260 ##$$a Bandung :$b Diponegoro,$c 2005. =300 ##$$a 368 hlm, ; $c 21 X 14 cm. =650 #4$$a Shalat, (islam) =850 ##$$a NBPNMAT =084 ##$$a 2x4.12 HAS p =250 ##$$a cet.35 =990 ##$$a 92906/BPAP-NTB/2014 =990 ##$$a 20800124 =990 ##$$a 06960696 =990 ##$$a 20800123 =990 ##$$a 20800124